000 00432nam a2200145Ia 4500
008 231129s9999||||xx |||||||||||||| ||spa||
020 _a958-96622-0-X
040 _bspa
082 _a986.134 R436m
100 _aRestrepo Luis Carlos
245 0 _aMemorias de la tierra
260 _c0
264 _aFondo Mixto para la Promoción de la Cultura y las Artes del Quindí­o
942 _2ddc
_cBKS
999 _c20939
_d20939